[Event "RUS-chT"]
[Site "Sochi"]
[Date "2004.04.22"]
[Round "3"]
[White "Malakhov, Vladimir"]
[Black "Filippov, Valerij"]
[Result "1-0"]
[WhiteElo "2695"]
[BlackElo "2639"]
[PlyCount "103"]
[EventDate "2004.04.20"]
[EventType "team"]
[EventRounds "9"]
[EventCountry "RUS"]
[Source "ChessBase"]
[SourceDate "2004.07.27"]

1. d4 Nf6 2. c4 e6 3. Nc3 Bb4 4. e3 c5 5. Nge2 cxd4 6. exd4 d5 7. c5 Nc6 8. a3
Bxc3+ 9. Nxc3 O-O 10. Be2 Ne4 11. O-O Nxc3 12. bxc3 b6 13. a4 Qc7 14. Ba3 Rd8
15. Bd3 e5 16. Qh5 e4 17. Bb5 bxc5 18. Bxc5 Na5 19. Qg5 f6 20. Qg3 Qxg3 21.
hxg3 Bf5 22. Rab1 Kf7 23. Rb4 h5 24. Be2 Kg6 25. Rb5 Nc4 26. Bxc4 dxc4 27. a5
a6 28. Rb7 Rh8 29. Re1 Rab8 30. Rb6 Ra8 31. d5 h4 32. g4 Bxg4 33. Rxe4 Bf5 34.
Re3 Rh5 35. d6 Rg5 36. Bb4 Rh8 37. Kh2 Bd3 38. d7 Rd8 39. Rd6 Rb5 40. Re8 Rbb8
41. Rxa6 Rxe8 42. dxe8=Q+ Rxe8 43. Rd6 Re2 44. Bc5 Re5 45. Bb6 Rg5 46. a6 h3
47. g4 Be4 48. a7 Bg2 49. Kg3 Be4 50. Kxh3 Rb5 51. Kg3 Rb3 52. Bd4 1-0

[Event "RUS-chT"]
[Site "Sochi"]
[Date "2004.04.22"]
[Round "3"]
[White "Onischuk, Alexander"]
[Black "Kharlov, Andrei"]
[Result "1/2-1/2"]
[WhiteElo "2652"]
[BlackElo "2593"]
[PlyCount "85"]
[EventDate "2004.04.20"]
[EventType "team"]
[EventRounds "9"]
[EventCountry "RUS"]
[Source "ChessBase"]
[SourceDate "2004.07.27"]

1. d4 Nf6 2. c4 e6 3. Nc3 Bb4 4. e3 b6 5. Nge2 Ne4 6. Qc2 Bb7 7. a3 Bxc3+ 8.
Nxc3 Nxc3 9. Qxc3 O-O 10. b3 Qh4 11. Bb2 f6 12. Rd1 d6 13. d5 Nd7 14. Be2 e5
15. O-O Rae8 16. g3 Qh3 17. e4 Bc8 18. b4 f5 19. exf5 Rxf5 20. Rd3 Qh6 21. Qc1
Qxc1 22. Rxc1 Rf7 23. f3 Nf6 24. Re3 Bb7 25. a4 Ra8 26. Bc3 a6 27. Be1 Kf8 28.
Ra3 Rb8 29. a5 b5 30. cxb5 axb5 31. Bxb5 Bxd5 32. Be2 c6 33. a6 Ra7 34. Ra5 Ke7
35. Rb1 Nd7 36. Bf2 Nb6 37. Rc1 Kd7 38. Rxd5 cxd5 39. f4 d4 40. Bg4+ Ke7 41. b5
Nd5 42. fxe5 Rxb5 43. Bxd4 1/2-1/2

[Event "RUS-chT2"]
[Site "Sochi"]
[Date "2004.04.23"]
[Round "4"]
[White "Volkov, Sergey"]
[Black "Moiseenko, Alexander"]
[Result "1-0"]
[WhiteElo "2629"]
[BlackElo "2631"]
[PlyCount "81"]
[EventDate "2004.04.20"]
[EventType "team"]
[EventRounds "9"]
[EventCountry "RUS"]
[Source "ChessBase"]
[SourceDate "2004.07.06"]

1. d4 Nf6 2. c4 e6 3. Nc3 Bb4 4. e3 b6 5. Nge2 Ne4 6. Bd2 Nxd2 7. Qxd2 O-O 8.
a3 Be7 9. g3 Bb7 10. d5 d6 11. Bg2 e5 12. O-O Nd7 13. f4 g6 14. Rae1 Bf6 15. g4
Bg7 16. g5 Qe7 17. Ng3 f5 18. gxf6 Nxf6 19. Bh3 Bc8 20. f5 gxf5 21. Nxf5 Bxf5
22. Rxf5 Nd7 23. Rh5 Rf6 24. Bf5 Rh6 25. Rxh6 Bxh6 26. Qg2+ Bg7 27. Ne4 Nf8 28.
Qg4 a6 29. Re2 b5 30. Rg2 Kh8 31. Qh5 Bf6 32. cxb5 axb5 33. h3 Rb8 34. Kh2 Ra8
35. Rc2 Ra7 36. Rf2 b4 37. axb4 Rb7 38. Bc8 Rb8 39. Rxf6 Rxb4 40. Rf7 Rxb2+ 41.
Kg3 1-0

[Event "RUS-ch qual 57th"]
[Site "St Petersburg"]
[Date "2004.05.24"]
[Round "4"]
[White "Epishin, Vladimir"]
[Black "Ivanov, Sergey"]
[Result "1-0"]
[WhiteElo "2610"]
[BlackElo "2546"]
[PlyCount "83"]
[EventDate "2004.05.01"]
[EventType "swiss"]
[EventRounds "9"]
[EventCountry "RUS"]
[Source "ChessBase"]
[SourceDate "2004.09.23"]

1. d4 Nf6 2. c4 e6 3. Nc3 Bb4 4. e3 c5 5. Nge2 cxd4 6. exd4 O-O 7. a3 Be7 8. d5
exd5 9. cxd5 Bc5 10. Nd4 d6 11. Be2 Re8 12. O-O Nbd7 13. Be3 Ne5 14. Nc2 Bxe3
15. Nxe3 Qb6 16. Na4 Qa5 17. Qd4 Neg4 18. Bxg4 Re4 19. Qc3 Rxa4 20. b4 Qd8 21.
Bd1 Ra6 22. Be2 b5 23. Bxb5 Rb6 24. Be2 Ba6 25. Bxa6 Rxa6 26. Rfc1 Qd7 27. Qd3
Rb6 28. h3 h5 29. Rab1 Rab8 30. Rb3 a5 31. Rc4 Qb7 32. Nf5 Re8 33. Ne3 Rb5 34.
Rd4 Re5 35. Rb1 Nxd5 36. Nc4 Rg5 37. g3 Qa6 38. Re1 g6 39. h4 Rg4 40. Rxg4 hxg4
41. Nxd6 Rb6 42. b5 1-0

[Event "George Marx mem 2nd"]
[Site "Paks"]
[Date "2004.06.07"]
[Round "3"]
[White "Beliavsky, Alexander G"]
[Black "Kortschnoj, Viktor"]
[Result "0-1"]
[WhiteElo "2667"]
[BlackElo "2579"]
[PlyCount "78"]
[EventDate "2004.05.05"]
[EventType "tourn"]
[EventRounds "10"]
[EventCountry "HUN"]
[EventCategory "14"]
[Source "ChessBase"]
[SourceDate "2004.09.23"]

1. d4 Nf6 2. c4 e6 3. Nc3 Bb4 4. e3 d5 5. Nf3 O-O 6. Bd3 c5 7. O-O dxc4 8. Bxc4
Bd7 9. Qe2 Bc6 10. Rd1 Nbd7 11. d5 exd5 12. Nxd5 Nxd5 13. Bxd5 Qc7 14. Bxc6
Qxc6 15. a3 Ba5 16. b4 Bc7 17. Bb2 Rad8 18. Rac1 b6 19. Qc4 Rfe8 20. Rd5 Qe6
21. Ng5 Qg6 22. h4 h6 23. Nf3 Qe6 24. Rcd1 Nf6 25. Bxf6 Qxf6 26. Rxd8 Rxd8 27.
Rxd8+ Qxd8 28. bxc5 Qd1+ 29. Qf1 Qb3 30. Qc1 bxc5 31. Nd2 Qd3 32. g3 Ba5 33.
Nc4 Bc3 34. Qf1 Qc2 35. Qg2 Qd1+ 36. Qf1 Qc2 37. Qg2 Qd1+ 38. Kh2 Qd3 39. Qa8+
Kh7 0-1

[Event "George Marx mem 2nd"]
[Site "Paks"]
[Date "2004.06.08"]
[Round "4"]
[White "Portisch, Lajos"]
[Black "Beliavsky, Alexander G"]
[Result "1/2-1/2"]
[WhiteElo "2573"]
[BlackElo "2667"]
[PlyCount "90"]
[EventDate "2004.05.05"]
[EventType "tourn"]
[EventRounds "10"]
[EventCountry "HUN"]
[EventCategory "14"]
[Source "ChessBase"]
[SourceDate "2004.09.23"]

1. d4 Nf6 2. c4 e6 3. Nc3 Bb4 4. e3 O-O 5. Bd3 d5 6. Nf3 c5 7. O-O dxc4 8. Bxc4
Nbd7 9. Qb3 a6 10. a4 Qe7 11. Rd1 h6 12. Bd2 Rb8 13. a5 b5 14. axb6 Rxb6 15.
Qc2 Bb7 16. Na4 Bxf3 17. gxf3 Rbb8 18. dxc5 Nxc5 19. Be2 Ncd7 20. Bxb4 Rxb4 21.
Qd2 Rfb8 22. Qd6 Qe8 23. Rd4 a5 24. Rxb4 Rxb4 25. Qc7 Qa8 26. Nc3 Rxb2 27. Rxa5
Qf8 28. Bb5 Rd2 29. Bxd7 Rxd7 30. Qc6 Qb4 31. Ra4 Qb2 32. Ne4 Rd5 33. Nxf6+
Qxf6 34. Qc2 Qd8 35. Kg2 h5 36. Rc4 Qg5+ 37. Kf1 g6 38. Rc8+ Kh7 39. Qc3 e5 40.
Qc4 Rd1+ 41. Ke2 Rd7 42. Rc7 Rxc7 43. Qxc7 Qf5 44. Qe7 g5 45. Kf1 Kg6 1/2-1/2

[Event "Capablanca mem Elite 39th"]
[Site "Havana"]
[Date "2004.05.07"]
[Round "2"]
[White "Ramirez Alvarez, Alejandro"]
[Black "Ikonnikov, Vyacheslav"]
[Result "0-1"]
[WhiteElo "2542"]
[BlackElo "2556"]
[PlyCount "112"]
[EventDate "2004.05.06"]
[EventType "tourn"]
[EventRounds "11"]
[EventCountry "CUB"]
[EventCategory "13"]
[Source "ChessBase"]
[SourceDate "2004.07.27"]

1. d4 Nf6 2. c4 e6 3. Nc3 Bb4 4. e3 O-O 5. Nf3 b6 6. Bd3 Bb7 7. O-O d5 8. cxd5
exd5 9. Ne5 Bd6 10. f4 c5 11. Qf3 Nc6 12. Ne2 Ne4 13. Rd1 Nb4 14. Bb1 cxd4 15.
a3 Bxe5 16. axb4 Bd6 17. Rxd4 Qe7 18. Nc3 Bxb4 19. Nxd5 Bxd5 20. Rxd5 Nf6 21.
Rd1 Rfe8 22. h3 a5 23. Kh2 g6 24. b3 Rac8 25. Bd3 Ne4 26. Bb5 Red8 27. Bb2 Nd2
28. Qe2 Nxb3 29. Rab1 Nd2 30. Rbc1 Rxc1 31. Rxc1 Ba3 32. Rd1 Bxb2 33. Rxd2 Bc1
34. Rxd8+ Qxd8 35. Kg3 Qc7 36. Qd3 Qc5 37. Qd8+ Kg7 38. Qd4+ Qxd4 39. exd4 Bb2
40. d5 Kf6 41. d6 Ke6 42. d7 Bf6 43. Kf3 Kd5 44. Ke3 Kc5 45. Ba4 Kc4 46. Bc6 b5
47. Kd2 a4 48. Kc2 Kc5 49. d8=Q Bxd8 50. Be8 f5 51. g4 fxg4 52. hxg4 Bc7 53. f5
gxf5 54. gxf5 Be5 55. Kb1 Kb4 56. Ka2 Ka5 0-1

[Event "EU-ch 5th"]
[Site "Antalya"]
[Date "2004.05.20"]
[Round "5"]
[White "Stefansson, Hannes"]
[Black "Macieja, Bartlomiej"]
[Result "1-0"]
[WhiteElo "2567"]
[BlackElo "2633"]
[PlyCount "105"]
[EventDate "2004.05.15"]
[EventType "swiss"]
[EventRounds "13"]
[EventCountry "TUR"]
[Source "ChessBase"]
[SourceDate "2004.07.27"]

1. d4 Nf6 2. c4 e6 3. Nc3 Bb4 4. e3 c5 5. Nge2 cxd4 6. exd4 O-O 7. a3 Be7 8. d5
exd5 9. cxd5 Re8 10. d6 Bf8 11. g3 b6 12. Bg2 Nc6 13. b4 Bb7 14. O-O Re6 15.
Bf4 Rc8 16. Nd4 Nxd4 17. Bxb7 Rb8 18. Bg2 Nf5 19. Nb5 g5 20. Bxg5 Nxd6 21. Nd4
Re8 22. Qd3 b5 23. a4 a6 24. axb5 axb5 25. Ra6 h6 26. Bh4 Re5 27. Qf3 Kg7 28.
Bh3 Nde8 29. Nf5+ Kg8 30. Nxh6+ Bxh6 31. Bxf6 Nxf6 32. Rxf6 Qf8 33. Bxd7 Rd8
34. Bc6 Rd6 35. Ra1 Rxf6 36. Qxf6 Re6 37. Qxe6 fxe6 38. Ra8 Qxa8 39. Bxa8 Bd2
40. Bc6 Bxb4 41. Bxb5 Kf7 42. Bd3 e5 43. Kg2 Ke6 44. Be4 Kd6 45. h4 Kc5 46. g4
Kd4 47. Kf3 Bd2 48. g5 Bc1 49. Bf5 Bd2 50. Kg4 e4 51. h5 Ke5 52. h6 Kd5 53. Kh5
1-0

[Event "EU-ch 5th"]
[Site "Antalya"]
[Date "2004.05.21"]
[Round "6"]
[White "Milov, Vadim"]
[Black "Hulak, Krunoslav"]
[Result "1/2-1/2"]
[WhiteElo "2680"]
[BlackElo "2550"]
[PlyCount "121"]
[EventDate "2004.05.15"]
[EventType "swiss"]
[EventRounds "13"]
[EventCountry "TUR"]
[Source "ChessBase"]
[SourceDate "2004.07.27"]

1. d4 Nf6 2. c4 e6 3. Nc3 Bb4 4. e3 c5 5. Nge2 d5 6. a3 Bxc3+ 7. Nxc3 cxd4 8.
exd4 dxc4 9. Bxc4 Nc6 10. Be3 O-O 11. O-O h6 12. Re1 Ne7 13. Bf4 Ng6 14. Be5
Bd7 15. Qf3 Nxe5 16. dxe5 Bc6 17. Qe2 Nd7 18. Bb5 Rc8 19. Rad1 Qe7 20. Rd6 Bxb5
21. Qxb5 Nb6 22. g3 Rc7 23. Red1 Rfc8 24. R1d4 Rc4 25. Rxc4 Nxc4 26. Rd7 Qc5
27. Rxb7 Nxe5 28. Qxc5 Rxc5 29. Rxa7 Nd3 30. Rb7 Nxb2 31. Rb8+ Kh7 32. Rxb2
Rxc3 33. Ra2 Kg6 34. a4 Rc6 35. a5 Ra6 36. g4 Kf6 37. Kg2 Ke5 38. h4 f5 39. Kf3
g5 40. h5 Kd4 41. Ra1 Kd3 42. Kg3 Kc3 43. f4 gxf4+ 44. Kxf4 fxg4 45. Kxg4 Kb4
46. Rb1+ Kxa5 47. Rb7 Rb6 48. Rh7 Rb4+ 49. Kg3 Rb3+ 50. Kf4 Rb4+ 51. Ke3 Rb3+
52. Kd4 Rb4+ 53. Kc3 Rh4 54. Rxh6 Kb5 55. Rh8 Kc5 56. h6 Rh3+ 57. Kd2 Kd4 58.
h7 Rh2+ 59. Ke1 Ke3 60. Kf1 e5 61. Kg1 1/2-1/2

[Event "EU-ch 5th"]
[Site "Antalya"]
[Date "2004.05.24"]
[Round "9"]
[White "Mamedyarov, Shakhriyar"]
[Black "Istratescu, Andrei"]
[Result "0-1"]
[WhiteElo "2657"]
[BlackElo "2587"]
[PlyCount "88"]
[EventDate "2004.05.15"]
[EventType "swiss"]
[EventRounds "13"]
[EventCountry "TUR"]
[Source "ChessBase"]
[SourceDate "2004.07.27"]

1. d4 Nf6 2. c4 e6 3. Nc3 Bb4 4. e3 b6 5. Nge2 Ba6 6. a3 Bxc3+ 7. Nxc3 d5 8.
Qf3 O-O 9. g4 Bb7 10. g5 Ne4 11. Nxe4 dxe4 12. Qg3 f5 13. gxf6 Rxf6 14. Bd2 Rg6
15. Qf4 Nd7 16. Bc3 e5 17. Qf5 exd4 18. Bxd4 Qe7 19. Bh3 Nc5 20. Bxc5 bxc5 21.
Qd7 Qe5 22. O-O-O Rf8 23. Qd2 Rgf6 24. Rdf1 Qh5 25. Bg2 Rg6 26. Rfg1 Qh4 27.
Bf1 Rxg1 28. Rxg1 Qxf2 29. Qxf2 Rxf2 30. Bh3 Rxh2 31. Be6+ Kf8 32. Rf1+ Ke7 33.
Bg8 g5 34. Rf7+ Kd6 35. Rg7 h6 36. b4 Re2 37. Rg6+ Ke5 38. Re6+ Kf5 39. Re7 g4
40. Kd1 Rb2 41. Ke1 g3 42. Kf1 h5 43. Rf7+ Kg4 44. Rxc7 Kh3 0-1

[Event "EU-ch 5th"]
[Site "Antalya"]
[Date "2004.05.27"]
[Round "11"]
[White "Aronian, Levon"]
[Black "Istratescu, Andrei"]
[Result "1-0"]
[WhiteElo "2645"]
[BlackElo "2587"]
[PlyCount "73"]
[EventDate "2004.05.15"]
[EventType "swiss"]
[EventRounds "13"]
[EventCountry "TUR"]
[Source "ChessBase"]
[SourceDate "2004.07.27"]

1. d4 Nf6 2. c4 e6 3. Nc3 Bb4 4. e3 b6 5. Nge2 Ba6 6. a3 Bxc3+ 7. Nxc3 d5 8.
Qf3 O-O 9. g4 Bb7 10. g5 Ne4 11. Nxe4 dxe4 12. Qg3 f5 13. Bd2 a5 14. h4 Qd6 15.
Be2 Nd7 16. O-O-O Rae8 17. h5 Qxg3 18. fxg3 e5 19. Rhf1 Rf7 20. Bc3 exd4 21.
exd4 Nf8 22. d5 Ba6 23. b4 axb4 24. axb4 g6 25. Kc2 Bc8 26. Ra1 h6 27. hxg6
Nxg6 28. Rh1 f4 29. Rxh6 f3 30. Rxg6+ Kf8 31. b5 Rh7 32. Rf6+ Kg8 33. Bxf3 exf3
34. Rxf3 Bg4 35. Rf4 Bh5 36. Kb3 Bg6 37. Rh4 1-0

[Event "EU-ch 5th"]
[Site "Antalya"]
[Date "2004.05.27"]
[Round "11"]
[White "Iljushin, Alexei"]
[Black "Andersson, Ulf"]
[Result "1/2-1/2"]
[WhiteElo "2529"]
[BlackElo "2570"]
[PlyCount "47"]
[EventDate "2004.05.15"]
[EventType "swiss"]
[EventRounds "13"]
[EventCountry "TUR"]
[Source "ChessBase"]
[SourceDate "2004.07.27"]

1. d4 Nf6 2. c4 e6 3. Nc3 Bb4 4. e3 c5 5. Nge2 d5 6. a3 Bxc3+ 7. Nxc3 cxd4 8.
exd4 dxc4 9. Bxc4 Nc6 10. Be3 O-O 11. O-O b6 12. Qf3 Bb7 13. Bd3 Rb8 14. Qh3
Ne7 15. Bg5 Ng6 16. Bxg6 hxg6 17. Qh4 Rc8 18. Rad1 Rxc3 19. bxc3 Qd5 20. f3 Nh7
21. Be3 Nf6 22. Bg5 Nh7 23. Be3 Nf6 24. Bg5 1/2-1/2

[Event "ACP Blitz Prelim4 3rd"]
[Site "playchess.com INT"]
[Date "2004.06.04"]
[Round "16"]
[White "Lautier, Joel"]
[Black "Landa, Konstantin"]
[Result "0-1"]
[WhiteElo "2676"]
[BlackElo "2563"]
[PlyCount "106"]
[EventDate "2004.06.03"]
[EventType "tourn (blitz)"]
[EventRounds "22"]
[EventCountry "GER"]
[EventCategory "9"]
[Source "ChessBase"]
[SourceDate "2004.07.06"]

1. d4 Nf6 2. c4 e6 3. Nc3 Bb4 4. e3 O-O 5. Bd3 d5 6. Nf3 c5 7. O-O dxc4 8. Bxc4
Nbd7 9. Qe2 Qe7 10. a3 Ba5 11. Bd2 cxd4 12. exd4 Rd8 13. b4 Bc7 14. Bd3 Nf8 15.
Be3 Ng6 16. Qc2 Bd7 17. Ne4 Rac8 18. Nxf6+ gxf6 19. Qd2 Bc6 20. Qe2 Qd6 21.
Rfd1 Nh4 22. d5 Bxd5 23. Kf1 Nxf3 24. gxf3 Qxh2 25. Ke1 Be5 26. Rac1 Bc3+ 27.
Bd2 Qh1+ 28. Qf1 Bxd2+ 29. Kxd2 Qxf1 30. Rxf1 Bxf3 31. Ke3 Bd5 32. Rg1+ Kf8 33.
Rc2 Rxc2 34. Bxc2 f5 35. f4 Rc8 36. Kd2 Ke7 37. Rg7 Rh8 38. Ke3 h5 39. Kf2 h4
40. Kg1 Rc8 41. Bd3 Rc3 42. Be2 Rxa3 43. Rh7 Rg3+ 44. Kf2 Rg2+ 45. Kf1 Rh2 46.
Bh5 e5 47. fxe5 h3 48. Bg6 Bc4+ 49. Ke1 Re2+ 50. Kd1 Rxe5 51. Bh5 Bd5 52. Be2
Bg2 53. Ke1 Bf3 0-1

[Event "ACP Blitz Octofinal-D 3rd"]
[Site "playchess.com INT"]
[Date "2004.06.05"]
[Round "4"]
[White "Vaisser, Anatoli"]
[Black "Nielsen, Peter Heine"]
[Result "0-1"]
[WhiteElo "2573"]
[BlackElo "2628"]
[PlyCount "161"]
[EventDate "2004.06.05"]
[EventType "tourn (blitz)"]
[EventRounds "12"]
[EventCountry "GER"]
[EventCategory "14"]
[Source "ChessBase"]
[SourceDate "2004.07.06"]

1. d4 Nf6 2. c4 e6 3. Nc3 Bb4 4. e3 O-O 5. a3 Bxc3+ 6. bxc3 c5 7. Ne2 Nc6 8.
Ng3 b6 9. e4 Ne8 10. Be3 d6 11. Bd3 Na5 12. O-O Ba6 13. Qe2 Rc8 14. Rac1 g6 15.
e5 f5 16. exf6 Nxf6 17. Bh6 Re8 18. Bg5 e5 19. Ne4 Rf8 20. dxe5 dxe5 21. Nxf6+
Rxf6 22. Qxe5 Qxd3 23. Bxf6 Qxc4 24. Rfe1 Bb7 25. f3 Qf7 26. Qg5 h6 27. Qh4 Nc6
28. c4 Rf8 29. Bc3 Kh7 30. Re3 Qf4 31. Qxf4 Rxf4 32. Rd1 Rf7 33. Re8 g5 34. Rd6
Nd4 35. Bxd4 cxd4 36. Rxd4 Bc6 37. Re6 Bd7 38. Red6 Bf5 39. g4 Bc8 40. Rd8 Rc7
41. Re8 Kg7 42. Kf2 Ba6 43. Ree4 Bb7 44. Re6 Rf7 45. Rd3 Ba6 46. Rc3 Bc8 47.
Rd6 Bxg4 48. c5 bxc5 49. Kg3 Bh5 50. Rc6 Rd7 51. R6xc5 Rd1 52. Rc7+ Bf7 53. Rb3
Kf6 54. Rb5 h5 55. Rc6+ Be6 56. Ra5 h4+ 57. Kf2 Rd2+ 58. Ke3 Rd7 59. Raa6 Re7
60. Ke4 Kf7 61. Kd4 Rd7+ 62. Rd6 Re7 63. a4 h3 64. Rac6 Kf6 65. a5 Kf5 66. Rc5+
Kf4 67. Re5 Kxf3 68. Rexe6 Rb7 69. Re3+ Kg2 70. Re2+ Kf3 71. Rde6 Rb4+ 72. Kc3
Ra4 73. R6e3+ Kf4 74. Kb3 Rxa5 75. Rxh3 g4 76. Rg3 Rh5 77. Rf2+ Kg5 78. Rfg2
Rh4 79. h3 Kf6 80. hxg4 Kg5 81. Rf3 0-1

[Event "GRE-chT"]
[Site "Aghia Pelagia"]
[Date "2004.07.10"]
[Round "8"]
[White "Hellsten, Johan"]
[Black "Chuchelov, Vladimir"]
[Result "1/2-1/2"]
[WhiteElo "2557"]
[BlackElo "2574"]
[PlyCount "86"]
[EventDate "2004.07.04"]
[EventType "team"]
[EventRounds "9"]
[EventCountry "GRE"]
[Source "ChessBase"]
[SourceDate "2004.09.01"]

1. d4 Nf6 2. c4 e6 3. Nc3 Bb4 4. e3 O-O 5. Bd3 d5 6. Nf3 b6 7. a3 Bxc3+ 8. bxc3
Ba6 9. cxd5 Bxd3 10. Qxd3 Qxd5 11. O-O c5 12. Nd2 Rd8 13. e4 Qb7 14. e5 Ne8 15.
Ne4 h6 16. Qf3 Nc6 17. dxc5 Rd5 18. Bf4 Rad8 19. Nd6 Qe7 20. Qg3 Kf8 21. cxb6
axb6 22. Rab1 g5 23. Be3 Nxe5 24. c4 R5xd6 25. Qxe5 f6 26. Qe4 Qc7 27. c5 bxc5
28. Rb7 f5 29. Rxc7 fxe4 30. Rxc5 Ra6 31. Bc1 Rd5 32. Rc8 Kf7 33. Re1 Nd6 34.
Rc7+ Kg6 35. g4 Ne8 36. Rb7 Nf6 37. h3 h5 38. Kg2 Rc6 39. Bb2 hxg4 40. hxg4 Rc2
41. Bxf6 Kxf6 42. Rb4 Rdd2 43. Rbxe4 Rxf2+ 1/2-1/2

[Event "Politiken Cup"]
[Site "Copenhagen"]
[Date "2004.07.31"]
[Round "9"]
[White "Hansen, Curt"]
[Black "De Firmian, Nick E"]
[Result "1/2-1/2"]
[WhiteElo "2635"]
[BlackElo "2537"]
[PlyCount "35"]
[EventDate "2004.07.24"]
[EventType "swiss"]
[EventRounds "10"]
[EventCountry "DEN"]
[Source "ChessBase"]
[SourceDate "2004.09.01"]

1. d4 e6 2. c4 Nf6 3. Nc3 Bb4 4. e3 b6 5. Nge2 c5 6. a3 Ba5 7. Rb1 Na6 8. Ng3
Bb7 9. Bd3 O-O 10. O-O d5 11. cxd5 cxd4 12. Nce2 dxe3 13. b4 exf2+ 14. Rxf2 Ng4
15. Rf4 Qxd5 16. Bxh7+ Kxh7 17. Qxd5 Bxd5 18. Rxg4 1/2-1/2

[Event "UKR-ch 73rd"]
[Site "Kharkov"]
[Date "2004.08.27"]
[Round "2.2"]
[White "Korobov, Anton"]
[Black "Miroshnichenko, Evgenij"]
[Result "1-0"]
[WhiteElo "2565"]
[BlackElo "2615"]
[PlyCount "93"]
[EventDate "2004.08.03"]
[EventType "k.o."]
[EventRounds "5"]
[EventCountry "UKR"]
[Source "ChessBase"]
[SourceDate "2004.11.11"]

1. d4 Nf6 2. c4 e6 3. Nc3 Bb4 4. e3 d5 5. Nf3 O-O 6. Bd3 c5 7. O-O dxc4 8. Bxc4
Nbd7 9. a3 cxd4 10. axb4 dxc3 11. bxc3 Qc7 12. Be2 Qxc3 13. Rb1 Qc7 14. Bb2 a5
15. Rc1 Qd8 16. b5 b6 17. Ba3 Nc5 18. Ne5 Bb7 19. Nc4 Nfd7 20. Qd6 Qg5 21. Qg3
Qxg3 22. hxg3 Bd5 23. Nxb6 Nxb6 24. Rxc5 Rfd8 25. Rfc1 h6 26. Rc7 Be4 27. Bc5
Rab8 28. Bd4 a4 29. Ra7 Bg6 30. Rc6 Nd7 31. Rxa4 e5 32. Ba7 Rb7 33. b6 Ra8 34.
Rxg6 Nxb6 35. Bxb6 Rxa4 36. Rd6 Rb8 37. f4 Rb4 38. Bc5 Rb1+ 39. Kh2 Rc1 40. Rd5
e4 41. Bd4 Rbb1 42. g4 f6 43. g5 hxg5 44. fxg5 fxg5 45. Rxg5 Rb7 46. Re5 Rc2
47. Bg4 1-0

[Event "UKR-ch 73rd"]
[Site "Kharkov"]
[Date "2004.08.27"]
[Round "2.4"]
[White "Korobov, Anton"]
[Black "Miroshnichenko, Evgenij"]
[Result "1/2-1/2"]
[WhiteElo "2565"]
[BlackElo "2615"]
[PlyCount "80"]
[EventDate "2004.08.03"]
[EventType "k.o."]
[EventRounds "5"]
[EventCountry "UKR"]
[Source "ChessBase"]
[SourceDate "2004.11.11"]

1. d4 Nf6 2. c4 e6 3. Nc3 Bb4 4. e3 d5 5. Bd3 O-O 6. Nf3 c5 7. O-O dxc4 8. Bxc4
Nbd7 9. Qe2 cxd4 10. exd4 b6 11. Rd1 Bxc3 12. bxc3 Bb7 13. Bd3 Qc7 14. Bd2 Rfe8
15. Re1 Nf8 16. Qe5 Rac8 17. Qxc7 Rxc7 18. Ne5 Ng6 19. a4 Nxe5 20. Rxe5 Bd5 21.
f4 g6 22. h3 h5 23. a5 Bc4 24. axb6 axb6 25. Be2 Rec8 26. Rg5 Bd5 27. Re5 Kg7
28. Kf2 Bb7 29. Bd3 Bd5 30. Rg1 Ra8 31. g4 hxg4 32. hxg4 Ra2 33. Re2 Ne4+ 34.
Bxe4 Bxe4 35. f5 Bd5 36. Be1 Ra8 37. Rb2 Rb7 38. Bd2 b5 39. Bf4 Rc8 40. Rg3 f6
1/2-1/2

[Event "UKR-ch 73rd"]
[Site "Kharkov"]
[Date "2004.09.01"]
[Round "5.1"]
[White "Korobov, Anton"]
[Black "Volokitin, Andrei"]
[Result "1/2-1/2"]
[WhiteElo "2565"]
[BlackElo "2638"]
[PlyCount "92"]
[EventDate "2004.08.03"]
[EventType "k.o."]
[EventRounds "5"]
[EventCountry "UKR"]
[Source "ChessBase"]
[SourceDate "2004.11.11"]

1. d4 Nf6 2. c4 e6 3. Nc3 Bb4 4. e3 O-O 5. Bd3 d5 6. Nf3 c5 7. O-O Nc6 8. a3
Bxc3 9. bxc3 dxc4 10. Bxc4 Qc7 11. Bb2 e5 12. h3 b6 13. Qe2 e4 14. Nh2 Na5 15.
Ba2 Be6 16. Bxe6 fxe6 17. Rac1 c4 18. Ng4 Nxg4 19. Qxg4 Qc6 20. a4 Rf5 21. Ba3
Re8 22. Ra1 Nb3 23. Ra2 h6 24. f3 exf3 25. Rxf3 Rg5 26. Qf4 Rf5 27. Qd6 Qe4 28.
Raf2 Rxf3 29. gxf3 Qxe3 30. Qd7 Ra8 31. Qb7 Rd8 32. Bd6 Kh7 33. Be5 Rg8 34.
Qe4+ Qxe4 35. fxe4 Nc1 36. Rf7 Ne2+ 37. Kg2 Nxc3 38. d5 Nxe4 39. dxe6 Ng5 40.
Rxa7 Nxe6 41. Rb7 Nc5 42. Rxb6 Re8 43. Bd4 Nxa4 44. Rb7 Kg6 45. Rxg7+ Kf5 46.
Rc7 c3 1/2-1/2

[Event "FRA-ch"]
[Site "Val d'Isere"]
[Date "2004.08.17"]
[Round "2"]
[White "Lautier, Joel"]
[Black "Degraeve, Jean Marc"]
[Result "1/2-1/2"]
[WhiteElo "2666"]
[BlackElo "2530"]
[PlyCount "55"]
[EventDate "2004.08.16"]
[EventType "tourn"]
[EventRounds "11"]
[EventCountry "FRA"]
[EventCategory "13"]
[Source "ChessBase"]
[SourceDate "2004.11.11"]

1. d4 Nf6 2. c4 e6 3. Nc3 Bb4 4. e3 O-O 5. Bd3 d5 6. Nf3 c5 7. O-O dxc4 8. Bxc4
Nbd7 9. Qe2 cxd4 10. exd4 b6 11. d5 Bxc3 12. dxe6 Bb4 13. exd7 Qxd7 14. a3 Bd6
15. Bg5 Qf5 16. Bd3 Qe6 17. Qd2 Bb7 18. Rfe1 Qg4 19. h3 Qh5 20. Nh4 Rfd8 21.
Nf5 Kh8 22. Rad1 Bf8 23. Bxf6 gxf6 24. Qe2 Qxe2 25. Rxe2 Bc8 26. Ne3 Be6 27.
Red2 Bh6 28. Be4 1/2-1/2

[Event "Barcelona Sants op 6th"]
[Site "Barcelona"]
[Date "2004.09.04"]
[Round "9"]
[White "Peralta, Fernando"]
[Black "Stocek, Jiri"]
[Result "1/2-1/2"]
[WhiteElo "2541"]
[BlackElo "2557"]
[PlyCount "59"]
[EventDate "2004.08.28"]
[EventType "swiss"]
[EventRounds "10"]
[EventCountry "ESP"]
[Source "ChessBase"]
[SourceDate "2004.11.03"]

1. d4 Nf6 2. c4 e6 3. Nc3 Bb4 4. e3 O-O 5. Bd3 c5 6. Nf3 b6 7. O-O Bb7 8. Bd2
d6 9. Qe2 Nbd7 10. a3 Bxc3 11. Bxc3 Re8 12. Nd2 cxd4 13. exd4 e5 14. Qe3 Rc8
15. Rfe1 e4 16. Bf1 d5 17. Qg3 Nf8 18. b3 h6 19. Rac1 Qd7 20. a4 Ng6 21. cxd5
Qxd5 22. Nc4 Nh5 23. Qd6 Qf5 24. Ne3 Qg5 25. Qd7 Nhf4 26. Qxb7 Nh3+ 27. Kh1
Nxf2+ 28. Kg1 Nh3+ 29. Kh1 Nf2+ 30. Kg1 1/2-1/2

[Event "HUN-GER m"]
[Site "Budapest"]
[Date "2004.09.17"]
[Round "2"]
[White "Bischoff, Klaus"]
[Black "Balogh, Csaba"]
[Result "1/2-1/2"]
[WhiteElo "2559"]
[BlackElo "2513"]
[PlyCount "61"]
[EventDate "2004.09.??"]
[EventType "team"]
[EventRounds "6"]
[EventCountry "HUN"]
[Source "ChessBase"]
[SourceDate "2005.01.27"]

1. d4 Nf6 2. c4 e6 3. Nc3 Bb4 4. e3 O-O 5. Bd3 d5 6. cxd5 exd5 7. Nge2 Re8 8.
Bd2 a6 9. Rc1 b6 10. f3 Bb7 11. O-O Bd6 12. Qe1 c5 13. Qf2 Nc6 14. Bb1 a5 15.
Nb5 Ba6 16. Nec3 a4 17. Rfd1 Bf8 18. g4 h6 19. h4 g6 20. Kg2 Qd7 21. Qg3 Bxb5
22. Nxb5 Nxd4 23. Nxd4 cxd4 24. exd4 Re2+ 25. Kg1 Bd6 26. Bf4 Bxf4 27. Qxf4 Kg7
28. Rd2 Rae8 29. Rxe2 Rxe2 30. Bd3 Re7 31. Kf2 1/2-1/2

[Event "HUN-GER m"]
[Site "Budapest"]
[Date "2004.09.21"]
[Round "6"]
[White "Graf, Alexander"]
[Black "Balogh, Csaba"]
[Result "1/2-1/2"]
[WhiteElo "2661"]
[BlackElo "2513"]
[PlyCount "49"]
[EventDate "2004.09.??"]
[EventType "team"]
[EventRounds "6"]
[EventCountry "HUN"]
[Source "ChessBase"]
[SourceDate "2005.01.27"]

1. d4 Nf6 2. c4 e6 3. Nc3 Bb4 4. e3 O-O 5. Bd3 d5 6. Nf3 c5 7. O-O Nc6 8. a3
Bxc3 9. bxc3 Qc7 10. cxd5 exd5 11. a4 Re8 12. Nd2 Bg4 13. f3 Bh5 14. Re1 cxd4
15. cxd4 Nb4 16. Nf1 Nxd3 17. Qxd3 Rac8 18. Bd2 Bg6 19. Qa3 Re6 20. Rec1 Qd7
21. Rxc8+ Qxc8 22. Rc1 Rc6 23. Rxc6 Qxc6 24. a5 h6 25. Bb4 1/2-1/2